Delincuencia común en Chile
Guardat en:
| Autor principal: | |
|---|---|
| Format: | Llibre |
| Idioma: | espanyol |
| Publicat: |
Santiago
Lom
1994
|
| Edició: | 1a. ed |
| Matèries: | |
| Etiquetes: |
Afegir etiqueta
Sense etiquetes, Sigues el primer a etiquetar aquest registre!
|
MARC
| LEADER | 00000nam a2200000 a 4500 | ||
|---|---|---|---|
| 001 | UCM9175 | ||
| 003 | CL-VaPUC | ||
| 008 | 030411e19940000CL |||||||||||||||||spa|d | ||
| 020 | |a 9567369070 | ||
| 082 | 0 | 4 | |a 364.3 |b COO |2 21 |
| 100 | 0 | |a Cooper Mayr, Doris |e author |9 475624 | |
| 245 | 1 | 0 | |a Delincuencia común en Chile |
| 250 | |a 1a. ed | ||
| 300 | |a 232 p | ||
| 942 | |c BK | ||
| 945 | |d 20030411 00:00:00 |a cmena | ||
| 260 | |a Santiago |b Lom |c 1994 | ||
| 650 | 0 | |a Delincuencia |9 335739 | |
| 650 | 7 | |a DELINCUENTES |2 CL-VaPUC |9 315465 | |
| 650 | 0 | |a Problemas sociales |9 258537 | |
| 650 | 0 | |a Rehabilitación |9 307382 | |
| 650 | 0 | |a Integración social |9 319662 | |
| 651 | 7 | |a CHILE |2 CL-VaPUC |9 475625 | |
| 583 | |a last modification |c 20030411 00:00:00 |k Rodrigo Vera | ||
| 999 | |c 303551 |d 303549 | ||
| 952 | |0 0 |1 0 |4 0 |6 364_300000000000000_COO_1994 |7 0 |8 A |9 364915 |a BIBGIM |b BIBGIM |d 2019-11-21 |i 3895408 |l 2 |m 1 |o 364.3 COO 1994 |p 3895408 |r 2025-01-15 |s 2023-05-09 |w 2019-11-21 |y BK |k SSL | ||
| 952 | |0 0 |1 0 |4 0 |6 364_300000000000000_COO_1994 |7 0 |8 A |9 364916 |a BIBGIM |b BIBGIM |d 2019-11-21 |i 4203100 |o 364.3 COO 1994 |p 4203100 |r 2025-01-15 |w 2019-11-21 |y BK |k SSL | ||